00509nam a22001577a 450000500170000000800410001702000180005804100130007608200150008910000430010424500740014725000190022126000540024030000310029465000260032520240130130203.0240130b |||||||| |||| 00| 0 eng d a9780702198618 aEnglish  a344.1 DUT  aDu Toit, D and Potgieter, M lEnglish  aUnfair Discrimination in the Workplace / cD Du Toit and M Potgieter  aFirst Edition  aCape Town : bJuta and Company (Pty) Ltd, c2014  bxii, 193 pages ; c26 cm.  aLegal practice bLaw